Kansas City Chiefs: Most Passing TDs Each Year - Statistics

General Stats
  • This quiz has been taken 896 times
    117 since last reset
  • The average score is 34 of 65
Answer Stats
Year Player TDs % Correct
2018 Patrick Mahomes 50
100%
2019 Patrick Mahomes 26
100%
2020 Patrick Mahomes 38
100%
2021 Patrick Mahomes 37
100%
2022 Patrick Mahomes 41
100%
2023 Patrick Mahomes 27
100%
2024 Patrick Mahomes 26
100%
2013 Alex Smith 23
99%
2014 Alex Smith 18
99%
2015 Alex Smith 20
99%
2016 Alex Smith 15
99%
2017 Alex Smith 26
99%
1962 Len Dawson 29
84%
1963 Len Dawson 26
84%
1964 Len Dawson 30
84%
1965 Len Dawson 21
84%
1966 Len Dawson 26
84%
1967 Len Dawson 24
84%
1968 Len Dawson 17
84%
1969 Len Dawson 9
84%
1970 Len Dawson 13
84%
1971 Len Dawson 15
84%
1972 Len Dawson 13
84%
1974 Len Dawson 7
84%
1993 Joe Montana 13
75%
1994 Joe Montana 16
75%
2001 Trent Green 17
68%
2002 Trent Green 26
68%
2003 Trent Green 24
68%
2004 Trent Green 27
68%
2005 Trent Green 17
68%
2009 Matt Cassel 16
61%
2010 Matt Cassel 27
61%
2011 Matt Cassel 10
61%
2012 Matt Cassel 6
61%
1997 Elvis Grbac 11
39%
1999 Elvis Grbac 22
39%
2000 Elvis Grbac 28
39%
1998 Rich Gannon 10
22%
1988 Steve DeBerg 16
20%
1989 Steve DeBerg 11
20%
1990 Steve DeBerg 23
20%
1991 Steve DeBerg 17
20%
1995 Steve Bono 21
18%
1996 Steve Bono 12
18%
1992 Dave Krieg 15
15%
2008 Tyler Thigpen 18
15%
1981 Bill Kenney 9
14%
1982 Bill Kenney 7
14%
1983 Bill Kenney 24
14%
1984 Bill Kenney 15
14%
1985 Bill Kenney 17
14%
1986 Bill Kenney 13
14%
1987 Bill Kenney 15
14%
1973 Mike Livingston 6
9%
1975 Mike Livingston 8
9%
1976 Mike Livingston 12
9%
1977 Mike Livingston 9
9%
1978 Mike Livingston 5
9%
2006 Damon Huard 11
7%
2007 Damon Huard 11
7%
1979 Steve Fuller 6
2%
1980 Steve Fuller 10
2%
1960 Cotton Davidson 15
1%
1961 Cotton Davidson 17
1%
No matching quizzes found
Score Distribution
Percent of People with Each Score
Percentile by Number Answered
Your Score History
You have not taken this quiz since the last reset